<?xml version="1.0" encoding="UTF-8"?>
<record
    xmlns:xsi="http://www.w3.org/2001/XMLSchema-instance"
    xsi:schemaLocation="http://www.loc.gov/MARC21/slim http://www.loc.gov/standards/marcxml/schema/MARC21slim.xsd"
    xmlns="http://www.loc.gov/MARC21/slim">

  <leader>01767nam a22002057a 4500</leader>
  <controlfield tag="001">6706</controlfield>
  <controlfield tag="003">FISKH</controlfield>
  <controlfield tag="005">20250521122735.0</controlfield>
  <controlfield tag="008">250521b        cb ||||| |||| 00| 0 eng d</controlfield>
  <datafield tag="040" ind1=" " ind2=" ">
    <subfield code="a">FISKH</subfield>
    <subfield code="b">khr</subfield>
    <subfield code="c">FISKH</subfield>
    <subfield code="d">FISKH</subfield>
  </datafield>
  <datafield tag="082" ind1=" " ind2=" ">
    <subfield code="a">800</subfield>
  </datafield>
  <datafield tag="100" ind1=" " ind2=" ">
    <subfield code="a">Nooch, Nhik</subfield>
  </datafield>
  <datafield tag="245" ind1=" " ind2=" ">
    <subfield code="a">&#x1791;&#x17C6;&#x179B;&#x17B6;&#x1794;&#x17CB;&#x1791;&#x17C6;&#x1793;&#x17C0;&#x1798;&#x1781;&#x17D2;&#x1798;&#x17C2;&#x179A; /</subfield>
    <subfield code="c">&#x17A7;&#x1780;&#x1789;&#x17C9;&#x17B6;&#x1798;&#x17A0;&#x17B6;&#x1798;&#x1793;&#x17D2;&#x178F;&#x17D2;&#x179A;&#x17B8; &#x1789;&#x17B7;&#x1780; &#x1793;&#x17BC;&#x1785;</subfield>
  </datafield>
  <datafield tag="260" ind1=" " ind2=" ">
    <subfield code="a">&#x1797;&#x17D2;&#x1793;&#x17C6;&#x1796;&#x17C1;&#x1789; :</subfield>
    <subfield code="b">&#x179B;&#x17B6;&#x1784;&#x200B; &#x178A;&#x17B6;&#x179B;&#x17B8;&#x1793;&#x200B;&#x200B;&#x200B;&#x200B;&#x200B;&#x200B;&#x200B; ,</subfield>
    <subfield code="c">&#x17E2;&#x17E0;&#x17E0;&#x17E4; . </subfield>
  </datafield>
  <datafield tag="300" ind1=" " ind2=" ">
    <subfield code="a">69 pages : </subfield>
    <subfield code="b">illustrations ; </subfield>
    <subfield code="c">21 cm . </subfield>
  </datafield>
  <datafield tag="520" ind1=" " ind2=" ">
    <subfield code="a">The book (Khmer Customs and Traditions), compiled by Nhik Nooch, serves as a comprehensive guide to the rich tapestry of Cambodian cultural practices. This work delves into various aspects of Khmer traditions, providing insights into ceremonies, rituals, and societal norms that have shaped the Cambodian way of life.</subfield>
  </datafield>
  <datafield tag="520" ind1=" " ind2=" ">
    <subfield code="a">&#x179F;&#x17C0;&#x179C;&#x1797;&#x17C5; &#xAB;&#x1791;&#x17C6;&#x1793;&#x17C0;&#x1798;&#x1791;&#x17C6;&#x179B;&#x17B6;&#x1794;&#x17CB;&#x1781;&#x17D2;&#x1798;&#x17C2;&#x179A;&#xBB; &#x178A;&#x17C2;&#x179B;&#x179A;&#x17C0;&#x1794;&#x179A;&#x17C0;&#x1784;&#x178A;&#x17C4;&#x1799; &#x1789;&#x17B7;&#x1780; &#x1793;&#x17BC;&#x1785; &#x1782;&#x17BA;&#x1787;&#x17B6;&#x1798;&#x1782;&#x17D2;&#x1782;&#x17BB;&#x1791;&#x17C1;&#x179F;&#x1780;&#x17CD;&#x1796;&#x17C1;&#x1789;&#x179B;&#x17C1;&#x1789;&#x1798;&#x17BD;&#x1799;&#x17A2;&#x17C6;&#x1796;&#x17B8;&#x1791;&#x1798;&#x17D2;&#x179B;&#x17B6;&#x1794;&#x17CB;&#x179C;&#x1794;&#x17D2;&#x1794;&#x1792;&#x1798;&#x17CC;&#x178A;&#x17CF;&#x179F;&#x1798;&#x17D2;&#x1794;&#x17BC;&#x179A;&#x1794;&#x17C2;&#x1794;&#x179A;&#x1794;&#x179F;&#x17CB;&#x1787;&#x17B6;&#x178F;&#x17B7;&#x1781;&#x17D2;&#x1798;&#x17C2;&#x179A;&#x17D4; &#x179F;&#x17C0;&#x179C;&#x1797;&#x17C5;&#x1793;&#x17C1;&#x17C7;&#x1796;&#x17B7;&#x1797;&#x17B6;&#x1780;&#x17D2;&#x179F;&#x17B6;&#x17A2;&#x17C6;&#x1796;&#x17B8;&#x1791;&#x1798;&#x17D2;&#x179B;&#x17B6;&#x1794;&#x17CB;&#x1781;&#x17D2;&#x1798;&#x17C2;&#x179A;&#x1795;&#x17D2;&#x1793;&#x17C2;&#x1780;&#x1795;&#x17D2;&#x179F;&#x17C1;&#x1784;&#x17D7; &#x178A;&#x17C4;&#x1799;&#x1795;&#x17D2;&#x178F;&#x179B;&#x17CB;&#x1793;&#x17BC;&#x179C;&#x1780;&#x17B6;&#x179A;&#x1799;&#x179B;&#x17CB;&#x178A;&#x17B9;&#x1784;&#x17A2;&#x17C6;&#x1796;&#x17B8;&#x1796;&#x17B7;&#x1792;&#x17B8;&#x1780;&#x17B6;&#x179A;&#x178E;&#x17CD; &#x1794;&#x17D2;&#x179A;&#x1797;&#x1796;&#x1791;&#x1798;&#x17D2;&#x179B;&#x17B6;&#x1794;&#x17CB; &#x1793;&#x17B7;&#x1784;&#x1793;&#x17B7;&#x1793;&#x17D2;&#x1793;&#x17B6;&#x1780;&#x17B6;&#x179A;&#x179F;&#x1784;&#x17D2;&#x1782;&#x1798; &#x178A;&#x17C2;&#x179B;&#x1794;&#x17B6;&#x1793;&#x179A;&#x17BB;&#x1784;&#x179A;&#x17BF;&#x1784;&#x1793;&#x17B9;&#x1784;&#x1794;&#x1784;&#x17D2;&#x1780;&#x17BE;&#x178F;&#x179A;&#x1794;&#x17C0;&#x1794;&#x179A;&#x179F;&#x17CB;&#x1793;&#x17C5;&#x179A;&#x1794;&#x179F;&#x17CB;&#x1787;&#x1793;&#x1787;&#x17B6;&#x178F;&#x17B7;&#x1781;&#x17D2;&#x1798;&#x17C2;&#x179A;&#x1799;&#x17BC;&#x179A;&#x1798;&#x1780;&#x1793;&#x17C1;&#x17C7;&#x17D4;</subfield>
  </datafield>
  <datafield tag="942" ind1=" " ind2=" ">
    <subfield code="2">ddc</subfield>
    <subfield code="c">KHB</subfield>
    <subfield code="n">0</subfield>
  </datafield>
  <datafield tag="999" ind1=" " ind2=" ">
    <subfield code="c">6706</subfield>
    <subfield code="d">6706</subfield>
  </datafield>
  <datafield tag="952" ind1=" " ind2=" ">
    <subfield code="0">0</subfield>
    <subfield code="1">0</subfield>
    <subfield code="2">ddc</subfield>
    <subfield code="4">0</subfield>
    <subfield code="7">0</subfield>
    <subfield code="8">KH</subfield>
    <subfield code="a">002</subfield>
    <subfield code="b">002</subfield>
    <subfield code="c">SKB</subfield>
    <subfield code="d">2025-05-21</subfield>
    <subfield code="l">0</subfield>
    <subfield code="o">NOO 800</subfield>
    <subfield code="p">FIS03904</subfield>
    <subfield code="r">2025-05-21 12:27:32</subfield>
    <subfield code="w">2025-05-21</subfield>
    <subfield code="y">KHB</subfield>
  </datafield>
</record>
